| 000 | 00653nam a2200217Ia 4500 | ||
|---|---|---|---|
| 003 | IN-BaIIA | ||
| 008 | 211028s9999 xx 000 0 eng d | ||
| 020 | _a0-201-10179-3 | ||
| 040 | _cIIA Library | ||
| 080 |
_a519.674 _bADO |
||
| 110 |
_aAdobe Systems _926937 |
||
| 245 | 0 |
_aPost script language _btutorial and cook book _cAdobe Systems Incorporated |
|
| 260 |
_aPacific Grove _bAddison-Wesley _c1985 |
||
| 300 | _ax, 243p. | ||
| 650 |
_aBasic graphics _926938 |
||
| 650 |
_aBeginning graphics _926939 |
||
| 650 |
_aImages _926940 |
||
| 650 |
_aPostScript _926941 |
||
| 650 |
_aPrinting text _926942 |
||
| 942 | _cBK | ||
| 999 |
_c14914 _d14914 |
||